| 000 | 00644nam a22002057a 4500 | ||
|---|---|---|---|
| 999 |
_c10155 _d10155 |
||
| 003 | AR-CdUCM | ||
| 008 | 190329b ||||| |||| 00| 0 spa d | ||
| 040 |
_aMUNICIPALIDAD PROVINCIAL DEL CUSCO _cBIBLIOTECA MUNICIPAL DEL CUSCO |
||
| 082 |
_a868.324 / _bC48I / 1815 |
||
| 100 |
_aCervantres Saavedra, Miguel De _926848 |
||
| 245 | _aEl Ingenioso Hidalgo Don Quixote de la Mancha / | ||
| 260 |
_aBurdeos : _b Pedro Beaume, _c1815. |
||
| 300 |
_a432 paginas ; _c17 cm. |
||
| 440 |
_aDon Quixote _n4 _926849 |
||
| 650 |
_aObra Literaria _923684 |
||
| 650 |
_aHistoria _9136 |
||
| 650 |
_aUniversal _918236 |
||
| 942 |
_2ddc _cLIBROS |
||
| 945 | _apjha | ||